Understanding human sexuality / (Record no. 8088)
[ view plain ]
| 000 -LEADER | |
|---|---|
| fixed length control field | 00573cam a2200193 a 4500 |
| 020 ## - INTERNATIONAL STANDARD BOOK NUMBER | |
| ISBN | 0072494719 (alk. paper) |
| 050 00 - CALL NUMBER | |
| Classification number | HQ12 |
| Item number | .H82 |
| 100 1# - AUTHOR | |
| Personal name | Hyde, Janet Shibley. |
| 245 10 - TITLE | |
| Title | Understanding human sexuality / |
| Statement of responsibility, etc | Janet Shibley Hyde, John D. DeLamater. |
| 250 ## - EDITION | |
| Edition statement | 8th ed. |
| 260 ## - PUBLICATION INFORMATION | |
| Place of publication | New York : |
| Name of publisher | McGraw-Hill, |
| Year of publication | c2003. |
| 300 ## - DESCRIPTION | |
| Number of Pages | xxv, 715 p. : |
| Other physical details | col. ill., col. maps ; |
| Dimensions | 26 cm. + |
| Accompanying material | 1 CD-ROM (4 3/4 in.) |
| 650 #0 - SUBJECTS | |
| Topical Term | Sex. |
| 650 #0 - SUBJECTS | |
| Topical Term | Sex customs. |
| 650 #0 - SUBJECTS | |
| Topical Term | Sexual health. |
| 650 #0 - SUBJECTS | |
| Topical Term | Sex (Psychology) |
| 700 1# - OTHER AUTHORS | |
| Personal name | DeLamater, John D. |
| 942 ## - ADDED ENTRY ELEMENTS (KOHA) | |
| Koha item type | Books |
| Withdrawn status | Lost status | Home library | Current library | Date acquired | Full call number | Accession Number | Koha item type |
|---|---|---|---|---|---|---|---|
| Methodist University Library Wenchi Nursing | Methodist University Library Wenchi Nursing | 28/10/2021 | HQ12 .H82 | 7210 | Books |